[Event "Monaco m2"]
[Site "Monte Carlo"]
[Date "1996.??.??"]
[Round "1"]
[White "Lautier, Joel"]
[Black "Piket, Jeroen"]
[Result "1/2-1/2"]
[WhiteElo "2620"]
[BlackElo "2580"]
[Annotator "Lutz,C"]
[PlyCount "164"]
[EventDate "1996.11.29"]
[EventType "match"]
[EventRounds "8"]
[EventCountry "MNC"]
[SourceTitle "CBM 056"]
[Source "ChessBase"]
[SourceDate "1997.02.01"]
[SourceVersion "1"]
[SourceVersionDate "1997.02.01"]
[SourceQuality "1"]

1. d4 d5 2. c4 c6 3. Nf3 Nf6 4. Nc3 e6 5. e3 Nbd7 6. Bd3 dxc4 7. Bxc4 b5 8. Bd3
a6 9. e4 c5 10. d5 Qc7 11. O-O c4 12. Bc2 Bc5 (12... Bb7) 13. dxe6 fxe6 14. e5
(14. Qe2) 14... Nxe5 15. Bf4 Bd6 16. Bxe5 Bxe5 17. Nxe5 Qxe5 18. Re1 Qc5 19.
Ne4 Nxe4 20. Bxe4 Ra7 21. b4 Qg5 22. f4 $5 $146 (22. Bc6+ Kf7 23. a4 Rd8 24.
Qf3+ Kg8 25. axb5 Rf7 26. Qe3 Qxe3 27. Rxe3 Rc7 28. Rc3 axb5 29. Bxb5 Rb7 30.
Bxc4 Rxb4 31. h3 $14 {1/2-1/2 Kortschnoj,V-Torre,E/Brussels 1987 (68)}) 22...
Qh4 (22... Qxf4 $2 23. Bc6+ Ke7 (23... Kf7 24. Rf1 $18) (23... Bd7 24. Rxe6+
Kd8 25. Rd6 Qf7 26. Qd4 $18) 24. Qd5 $1 {/\ Qc5} Rc7 (24... Qd6 25. Qg5+ $18)
25. Qc5+ Qd6 26. Qg5+ Kf7 27. Rad1 Qxc6 (27... h6 28. Qh5+ g6 29. Qf3+ $18) 28.
Rf1+ $18 {/\ Rd8}) (22... Qf6 23. Qh5+ Rf7 (23... g6 24. Qc5 $5 {/\ a2-a4}) 24.
Rad1 $5) (22... Qd8 23. Qh5+) 23. g3 Qd8 24. Qh5+ Rf7 25. Rad1 (25. Bg6 $6 Qd4+
26. Kf1 hxg6 27. Qxh8+ Rf8 28. Qh4 Qd3+ $40) 25... Qb6+ 26. Kf1 $44 (26. Kh1 $2
Bb7) 26... h6 $5 27. Bg6 O-O 28. Bxf7+ Rxf7 29. Qc5 Qxc5 30. bxc5 $16 Rc7 31.
Re5 b4 32. Rd6 (32. Rd4 a5 33. Rxc4 $2 Ba6) 32... a5 33. c6 $2 {>< c6} (33. Rb6
$16 {/\ Ke2-e3-d4}) 33... a4 34. Ke1 (34. Ra5 b3 35. Rxa4 $2 b2 36. Rb4 c3 $19)
34... b3 35. axb3 cxb3 36. Kd2 Kf7 37. Rb5 (37. Rc5 $5 Ke7 38. Rd4 Ra7 {
/\ ...a4-a3-a2} 39. Rcc4 {/\ Ra4}) 37... Ke7 38. Rd4 Rxc6 39. Rxa4 Rc2+ 40. Ke3
Rxh2 41. Ra7+ Kf6 42. Rxb3 Rc2 43. Kd3 Rc6 44. Rba3 Rd6+ 45. Ke3 Bd7 46. R3a5
Rd1 47. Rc7 Rd6 48. Rb7 Rd1 49. Raa7 Ke7 50. Ra8 Rd5 51. Rg8 Kf7 52. Rh8 Ke7
53. Rb4 Ra5 54. Rd4 Bc6 55. Rc4 Ra3+ 56. Kd4 Bd7 57. Rc3 Ra4+ 58. Ke3 Ra5 59.
Rd3 e5 60. Rb8 exf4+ 61. gxf4 Ra7 62. Rd5 Be6 63. Rdb5 Kf6 64. R8b6 g6 65. Re5
Re7 66. Kd4 Kf7 67. Rd6 Kf6 68. Ra5 Rd7 69. Rxd7 Bxd7 70. Ke4 h5 71. Ra6+ Be6
72. Rb6 h4 73. Ra6 h3 74. Kf3 Kf7 75. Kg3 Bf5 76. Ra8 Kf6 77. Rh8 Kg7 78. Rh4
Bc8 79. Kf3 Bf5 80. Ke3 Bc8 81. Ke4 Bf5+ 82. Ke5 Bc8 1/2-1/2

[Event "HUN-ch"]
[Site "Budapest"]
[Date "1996.??.??"]
[Round "7"]
[White "Horvath, Csaba"]
[Black "Lukacs, Peter"]
[Result "1/2-1/2"]
[WhiteElo "2530"]
[BlackElo "2475"]
[Annotator "Lutz,C"]
[PlyCount "54"]
[EventDate "1996.12.??"]
[EventType "tourn"]
[EventRounds "11"]
[EventCountry "HUN"]
[EventCategory "9"]
[SourceTitle "CBM 057"]
[Source "ChessBase"]
[SourceDate "1997.04.01"]
[SourceVersion "1"]
[SourceVersionDate "1997.04.01"]
[SourceQuality "1"]

1. d4 d5 2. c4 c6 3. Nc3 Nf6 4. e3 e6 5. Nf3 Nbd7 6. Bd3 dxc4 7. Bxc4 b5 8. Bd3
a6 9. e4 c5 10. d5 Qc7 11. O-O c4 12. dxe6 fxe6 13. Bc2 Bc5 14. e5 (14. Qe2 {
ist der kritische Zug.}) 14... Nxe5 15. Bf4 Bd6 16. Bxe5 Bxe5 17. Nxe5 Qxe5 18.
Re1 Qc7 (18... Qc5 19. Ne4 Nxe4 20. Bxe4 Ra7 21. b4 Qg5 22. f4 {1/2-1/2
Lautier,J-Piket,J/Monaco m Monte Carlo 1996 (82)} (22. Bc6+ {1/2-1/2
Kortschnoj,V-Torre,E/Brussels 1987 (68)})) 19. a4 (19. Nd5 {bringt auch nichts
ein für Weiß.} Nxd5 20. Qxd5 Ra7 21. Rxe6+ Bxe6 22. Qxe6+ Qe7 23. Qc6+ Kf8 24.
Qc8+ Qe8 25. Qc5+ {1/2-1/2 Gleizerov,E-Ulibin,M/Cheliabinsk 1991} (25. Qc5+ {
Ftacnik} Re7 26. b3 $13)) 19... Rb8 $1 {Es sieht so aus, als sei dieser
einfache Zug eine Verbesserung gegenüber 19...b4. Schwarz hat keine Probleme.}
(19... b4 20. Nd5 Nxd5 21. Qxd5 Ra7 22. Qh5+ Qf7 23. Qc5 $40 {Torre}) 20. axb5
axb5 21. Nxb5 {Was sonst ? Andernfalls hat Schwarz einen Bauern mehr.} Rxb5 22.
Ba4 Qb8 (22... Bd7 $2 23. Bxb5 Bxb5 24. Ra8+ $18) 23. Bxb5+ Qxb5 24. Qd6 Qd5
25. Qxd5 (25. Qb4 Kf7) 25... Nxd5 26. Rac1 Ke7 27. Rxc4 Bd7 $15 1/2-1/2

[Event "Manila zt 3.2a"]
[Site "Manila"]
[Date "2001.04.30"]
[Round "9"]
[White "Adianto, Utut"]
[Black "Datu, Idelfonso"]
[Result "1-0"]
[WhiteElo "2589"]
[BlackElo "2381"]
[Annotator "Lutz,C"]
[PlyCount "59"]
[EventDate "2001.04.24"]
[EventType "swiss"]
[EventRounds "9"]
[EventCountry "PHI"]
[SourceTitle "CBM 083"]
[Source "ChessBase"]
[SourceDate "2001.07.05"]
[SourceVersion "1"]
[SourceVersionDate "2001.07.05"]
[SourceQuality "1"]

1. d4 d5 2. c4 e6 3. Nf3 Nf6 4. Nc3 c6 5. e3 Nbd7 6. Bd3 dxc4 7. Bxc4 b5 8. Bd3
a6 9. e4 c5 10. d5 c4 11. Bc2 Bb7 ({Wenn Schwarz sich mit ...e6-e5 aufbauen
will, sollte er es jetzt tun:} 11... e5 12. O-O Bd6 $14 (12... Bb4 $5)) 12. O-O
e5 $2 {In Verbindung mit ...Bb7 ist dieser Aufbau mehr als zweifelhaft, da der
Läufer auf b7 einfach schlecht steht.} (12... Qc7 $142) 13. Nh4 {Weiß visiert
direkt das Feld f5 an (das durch den Wegzug des Lc8 geschwächt wurde) und
bereitet f2-f4 vor.} b4 $6 {Schwarz versucht das Stellungsproblem taktisch zu
lösen, kommt dabei aber vom Regen in die Traufe.} (13... g6 $142) 14. Na4 Nxe4
15. Bxe4 Qxh4 16. Bf5 $1 Rd8 17. Bxd7+ Kxd7 $5 (17... Rxd7 18. Nb6 Rc7 19. Qa4+
Kd8 20. Be3 $16) 18. Nb6+ Kc7 19. Be3 Rd6 20. Nxc4 Rxd5 21. Qa4 $18 {Zum Preis
eines kleinen Bäuerleins hat Weiß einen kolossalen Angriff.} Be7 22. Na5 Kb8
23. Nxb7 Kxb7 24. Rac1 Rb5 (24... Qf6 25. Bg5 $1 Qxg5 26. Qc6+ $18) 25. Rc6 $1
{Weiß startet eine hübsche Treibjagd gegen den schwarzen König.} (25. Rfd1 $1 {
ist prosaischer, gewinnt aber auch, z.B.} Rd8 (25... Qg4 26. Rd5 $1 $18) 26.
Rxd8 Bxd8 27. Qc2 $18) 25... Kxc6 26. Qxa6+ Kd5 27. Rd1+ Ke4 28. Qxb5 Kf5 (
28... Rd8 29. f3+ Kf5 30. g4+ Kg6 31. Qc6+ f6 32. Rxd8 {und Qe8+ entsacheidet.}
) 29. Rd4 $1 Rd8 $5 30. g4+ (30. Rxh4 $2 Rd1+) (30. g4+ Ke6 31. Qc4+ Kf6 32.
g5+) 1-0

[Event "SWE-ch"]
[Site "Linkoping"]
[Date "2001.07.13"]
[Round "13"]
[White "Akesson, Ralf"]
[Black "Hector, Jonny"]
[Result "1-0"]
[WhiteElo "2463"]
[BlackElo "2546"]
[Annotator "Lutz,C"]
[PlyCount "71"]
[EventDate "2001.06.30"]
[EventType "tourn"]
[EventRounds "13"]
[EventCountry "SWE"]
[EventCategory "8"]
[SourceTitle "CBM 085"]
[Source "ChessBase"]
[SourceDate "2001.11.13"]
[SourceVersion "1"]
[SourceVersionDate "2001.11.13"]
[SourceQuality "1"]

1. d4 d5 2. c4 c6 3. Nc3 Nf6 4. e3 e6 5. Nf3 Nbd7 6. Bd3 dxc4 7. Bxc4 b5 8. Bd3
a6 9. e4 c5 10. d5 c4 11. Bc2 Qc7 12. O-O Bc5 {Dieser Zug wurde schon einige
Male von Hector angewandt. Populärer sind jedoch die Varianten mit 12... Lb7.}
(12... Bb7) 13. dxe6 fxe6 14. Qe2 Ne5 15. Nxe5 (15. Bf4) 15... Qxe5 16. Kh1 (
16. Be3) 16... Bb7 (16... O-O) 17. f4 Qc7 $146 {Dieser Zug stellt eine
Neuerung dar, kann aber auch nicht die Variante attraktiv für Schwarz machen.}
(17... Qh5 18. Qxh5+ Nxh5 19. e5 $14) 18. e5 Nd5 19. Ne4 Be7 20. Bd2 Qc6 $5 (
20... O-O-O 21. a4 $40 {/\} b4 22. Rac1) (20... O-O $5 21. Qh5 g6 22. Qh3 $14 {
Zwar sind die schwarzen Felder geschwächt, aber der Nd5 hält die Stellung
halbwegs zusammen.}) 21. f5 $1 {Jetzt wird es schon unangenehm.} O-O-O (21...
exf5 22. Nd6+ $40) (21... O-O 22. f6 $1 gxf6 23. Qg4+ Kh8 24. exf6 Bxf6 25.
Nxf6 Nxf6 26. Bc3 $16) 22. fxe6 Nb4 (22... Qxe6 23. Ng5 Bxg5 24. Bf5 $18) (
22... Nc7 23. a4 Nxe6 24. axb5 axb5 25. Be3 $16) 23. Bxb4 Bxb4 24. Nd6+ Bxd6
25. exd6 Rxd6 26. e7 $18 {Der gewaltige Freibauer sichert den Sieg.} Re8 27.
Rf8 g6 (27... Qxg2+ 28. Qxg2 Bxg2+ 29. Kxg2 Rd2+ 30. Rf2 Rxf2+ 31. Kxf2 $18)
28. Rxe8+ Qxe8 29. Re1 Bc6 30. Be4 Bd7 (30... Qxe7 31. Bf5+) 31. Qe3 Kb8 32.
Bf3 Re6 33. Qxe6 $5 (33. Qf4+ {ist auch nicht schlecht:} Kc8 34. Rxe6 Bxe6 35.
Qd6 $18 Qd7 36. Qc5+ Kb8 37. Qb6+ Kc8 38. Bb7+ $18) 33... Bxe6 34. Rxe6 Kc7 35.
Bc6 Qf7 36. Re1 1-0

[Event "FIDE-Wch k.o."]
[Site "Groningen"]
[Date "1997.12.16"]
[Round "3.3"]
[White "Lautier, Joel"]
[Black "Gelfand, Boris"]
[Result "0-1"]
[WhiteElo "2660"]
[BlackElo "2695"]
[Annotator "Lutz,C"]
[PlyCount "104"]
[EventDate "1997.12.09"]
[EventType "k.o."]
[EventRounds "7"]
[EventCountry "NED"]
[SourceTitle "CBM 063"]
[Source "ChessBase"]
[SourceDate "1998.03.26"]
[SourceVersion "1"]
[SourceVersionDate "1998.03.26"]
[SourceQuality "1"]

1. d4 {Hecht} d5 2. c4 c6 3. Nf3 Nf6 4. Nc3 e6 5. e3 Nbd7 6. Bd3 dxc4 7. Bxc4
b5 8. Bd3 Bb7 9. O-O a6 10. e4 c5 11. d5 Qc7 12. Bc2 $6 {Gemäß A.Filipenko in
SCHACH 2/98 ist dieser Zug ungenau und sollte durch 12.d:e6 f:e6 13.Bc2
ersetzt werden.} (12. dxe6 $142 fxe6 13. Bc2) 12... O-O-O $1 13. dxe6 Ne5 $1 (
13... fxe6 $6 {hätte die weiße Ungenauigkeit nicht ausgenutzt.}) 14. Qe2 Nxf3+
15. Qxf3 fxe6 16. Qh3 Kb8 $1 17. Bg5 (17. Qxe6 $2 Bc8 $19) 17... Bd6 18. Rad1
Be5 $17 {[%csl Rh3] Aufgrund der schlechten Stellung der Qh3 steht Schwarz
deutlich besser.} 19. Rde1 h6 20. Bc1 g5 21. Kh1 c4 22. f3 Rhg8 23. Rd1 Rxd1
24. Rxd1 h5 25. Ne2 Bc8 26. Rf1 Qg7 27. f4 gxf4 28. Nxf4 Qg4 29. Qe3 Ka8 30.
Qf2 Bb7 31. h3 Qg3 32. Qxg3 Rxg3 33. Re1 Bc8 34. Rd1 Rg8 35. Kg1 Bb7 36. Re1
Bd4+ 37. Kh1 e5 38. Ne6 Bb6 39. Bg5 Rg6 40. Bh4 Nxe4 41. Ng5 Rxg5 42. Bxe4 Rg8
43. Bxb7+ Kxb7 44. Rxe5 {[#] Hecht: Schwacher weißer Damenflügel (Bb2). Als
Weiß einen taktischen Ausfall versucht, verliert er eine Figur. Taktik.} Bd4
45. Re2 (45. Re7+ {Hecht} Kc6 46. Bf6 Kd6 47. Rf7 Ke6 $19) 45... Rf8 46. Kh2
Rf1 47. Rd2 (47. Be1 {Hecht} Bxb2 $19) 47... Be5+ 48. Bg3 Bf6 49. Rd7+ (49. Bd6
{Hecht} Rb1 50. Ba3 a5 $19) 49... Kc6 50. Rf7 h4 51. Rc7+ (51. Bxh4 {Hecht}
Be5+) 51... Kd5 52. Rd7+ Ke6 0-1

[Event "EU-Cup 13th final"]
[Site "Kazan"]
[Date "1997.12.30"]
[Round "3"]
[White "Panchenko, Alexandar G"]
[Black "Dreev, Alexey"]
[Result "0-1"]
[WhiteElo "2420"]
[BlackElo "2640"]
[Annotator "Lutz,C"]
[PlyCount "56"]
[EventDate "1997.12.28"]
[EventType "team-k.o."]
[EventRounds "4"]
[EventCountry "RUS"]
[SourceTitle "EXT 2020"]
[Source "ChessBase"]
[SourceDate "2019.10.17"]
[SourceVersion "1"]
[SourceVersionDate "2019.10.17"]
[SourceQuality "1"]
[WhiteTeam "Kazan Sberbank-Tatarstan II"]
[BlackTeam "Kazan Sberbank-Tatarstan"]
[WhiteTeamCountry "RUS"]
[BlackTeamCountry "RUS"]

1. c4 c6 2. Nf3 d5 3. e3 Nf6 4. Nc3 e6 5. d4 Nbd7 6. Bd3 dxc4 7. Bxc4 b5 8. Bd3
Bb7 9. O-O a6 10. e4 c5 11. d5 Qc7 12. dxe6 fxe6 13. Ng5 $6 {Da Wei� nicht
mit f2-f4 nachfolgt, erweist sich dieser Zug lediglich als Zeitverlust.} Qc6
14. Bf4 (14. Qe2 c4 15. Bc2 Bc5 16. b4 Bd4 17. Bb2 e5 18. Rad1 Rd8 19. a4 Nf8
20. axb5 axb5 21. Ra1 h6 22. Nf3 N8d7 23. Rfd1 Nb6 24. Ra5 O-O 25. Rxb5 Bxc3
26. Rc5 Bxb2 27. Rxc6 Bxc6 28. Qe3 Rxd1+ 29. Bxd1 Rd8 30. Be2 Bd4 31. Nxd4 exd4
32. Qh3 d3 33. Qe6+ Kh8 34. Bd1 c3 35. Qxc6 Rc8 {0-1 Velazco,E-Sieiro Gonzalez,
L/ Buenos Aires VII Najdorf op 1995}) 14... c4 15. Bc2 Bc5 16. b3 $2 {
Schw�cht das Feld c3.} Nb6 17. Nf3 {Das Eingest�ndnis der verfehlten
wei�en Strategie.} O-O 18. Ne5 Qe8 19. bxc4 Rd8 20. Qe1 (20. Qe2 Bd4) 20...
Ng4 21. Nxg4 Rxf4 22. Ne5 Bd4 23. Nf3 $2 (23. Nd3 $142 $17) 23... Rxf3 $1 $19
24. gxf3 Qg6+ 25. Kh1 Qh5 26. Rd1 Be5 $1 27. Rxd8+ Kf7 28. f4 Bxf4 0-1

[Event "Interzonal-15"]
[Site "Manila"]
[Date "1990.??.??"]
[Round "5"]
[White "Marin, Mihail"]
[Black "Rogers, Ian"]
[Result "1/2-1/2"]
[WhiteElo "2485"]
[BlackElo "2535"]
[Annotator "Marin,M"]
[PlyCount "78"]
[EventDate "1990.06.29"]
[EventType "swiss"]
[EventRounds "13"]
[EventCountry "PHI"]
[SourceTitle "CBM 019"]
[Source "ChessBase"]
[SourceDate "1990.12.01"]
[SourceVersion "1"]
[SourceVersionDate "1990.12.01"]
[SourceQuality "1"]

1. d4 d5 2. c4 c6 3. Nc3 Nf6 4. e3 e6 5. Nf3 Nbd7 6. Bd3 dxc4 7. Bxc4 b5 8. Bd3
a6 9. e4 c5 10. d5 e5 11. b3 Qc7 $5 12. O-O Bd6 13. Re1 O-O (13... c4 14. bxc4
Nb6 (14... b4 $2 15. Na4 $16) 15. a4 b4 16. a5 Nxc4 17. Bxc4 Qxc4 18. Na4 Nd7
19. Be3 $14 {/\ Rc1}) 14. Bf1 c4 15. bxc4 bxc4 (15... Nb6 16. a4 b4 17. a5 Nxc4
18. Na4 Nxa5 19. Be3 {/\ Rc1-c6|^}) 16. Qc2 Nb6 17. Bg5 Bd7 $1 18. Bxf6 gxf6
19. Nh4 Kh8 (19... Bc5 $5 $13) 20. Qd2 $14 Rg8 21. Qh6 Qd8 22. Rab1 Rg5 23.
Rxb6 Qxb6 24. Qxf6+ Rg7 25. Rb1 Qc7 26. Nf5 Bxf5 27. exf5 e4 28. Nxe4 Bxh2+ 29.
Kh1 Be5 30. d6 Bxf6 31. dxc7 Be5 32. Bxc4 f6 33. Bd5 Rf8 34. Nc5 Bxc7 35. Ne6
Rb8 36. Rxb8+ Bxb8 37. Nxg7 Kxg7 38. g3 a5 39. a4 h6 1/2-1/2

[Event "Metz op 31th"]
[Site "Metz"]
[Date "2013.04.23"]
[Round "5"]
[White "Manolache, Marius"]
[Black "Donchenko, Alexander"]
[Result "1/2-1/2"]
[WhiteElo "2501"]
[BlackElo "2428"]
[Annotator "Metz Alekhine/Primel,D"]
[PlyCount "90"]
[EventDate "2013.04.20"]
[EventType "swiss"]
[EventRounds "9"]
[EventCountry "FRA"]
[SourceTitle "EXT 2016"]
[Source "ChessBase"]
[SourceDate "2015.10.08"]
[SourceVersion "1"]
[SourceVersionDate "2015.10.08"]
[SourceQuality "1"]
[TimeControl "40/5400:1800+30"]
[WhiteClock "1:30:00"]
[BlackClock "1:30:00"]

1. d4 d5 2. Nf3 Nf6 3. c4 dxc4 4. e3 e6 5. Bxc4 c5 6. O-O a6 7. Nc3 (7. a4) (7.
Bb3) (7. dxc5) (7. Qe2) 7... b5 8. Bd3 (8. Bb3) 8... Bb7 9. Qe2 Nbd7 10. Rd1
Qb8 11. h3 {Anticipe Bd6 afin de pouvoir jouer Ng5 et un relais éventuel avec
un Nc3e4} (11. e4 cxd4 12. Nxd4 Bd6 $11 {Mihaljcisin,M-Karaklajic,N YUG-ch
Zagreb 1961 (9) 1/2-1/2}) 11... Bd6 (11... Be7 12. b3 O-O 13. Bb2 cxd4 14. Nxd4
Ne5 15. Bc2 Bc5 16. Rac1 Rd8 17. Bb1 Bxd4 18. Rxd4 Rxd4 19. exd4 Ng6 20. g3 Qd6
21. Ne4 Nxe4 22. Bxe4 Bd5 23. Bxg6 hxg6 24. Qe5 Qb4 25. Qe1 Qe7 26. Qe5 a5 27.
Rc5 Qe8 28. g4 b4 29. Qe1 Qd8 30. Bc1 Qf6 31. Qe3 a4 32. Rb5 axb3 33. axb3 Qe7
34. Bd2 Ra1+ 35. Be1 Qd6 36. Qd2 Ba8 37. Rc5 Qa6 38. h4 Qb7 39. d5 exd5 40. Kf1
d4 {0-1 (40) Ikonnikov,V (2550)-Van Wely,L (2689) Spijkenisse 2011}) 12. Ng5
cxd4 13. exd4 O-O 14. a4 b4 15. Nce4 Bh2+ 16. Kf1 $146 (16. Kh1 Bf4 17. Nc5
Nxc5 18. dxc5 Qe5 19. Nf3 Qxe2 20. Bxe2 Bb8 {Romanko,M (2420)-Sukhareva,E 
(2236) RUS-ch Higher League (Women) 65th 2012 (3) 1-0} (20... Bc7)) 16... h6
17. Nf3 (17. Nxf6+ $143 Nxf6 18. Ne4 Nxe4 19. Bxe4 Bxe4 20. Qxe4 Bc7 (20... Rd8
{[%csl Rd4]} 21. g3 Bxg3 22. fxg3 Qxg3 $44)) 17... Bf4 18. Nc5 Nxc5 19. dxc5
Rc8 20. Bxf4 Qxf4 21. Rac1 Rc7 {[%cal Ga8c8]} (21... Bxf3) 22. Rc4 Bxf3 23.
Qxf3 Qxf3 24. gxf3 a5 25. c6 $1 {[%csl Ra5][%cal Gc4c5,Gc5a5]} (25. Rdc1 Rac8
$132) 25... Kf8 26. Rc5 Ke7 {[%csl Rc6][%cal Ge7d6]} 27. Rdc1 Nd5 28. Bb5 Kd6 {
[%cal Gd5e7,Ge7c6,Ga8c8] Le P"c6" est sous pression mais les Noirs auront
néanmoins du mal à le gagner} 29. R5c4 {[%csl Gf4][%cal Gf1e2]} Rcc8 (29...
Ne7 30. Rd1+) (29... Rac8 30. Ba6) 30. h4 h5 (30... g5 $5 31. hxg5 hxg5 {
[%cal Gc8h8]}) 31. Rd4 Kc7 $1 {[%cal Gc8d8,Gd8d6,Ga8d8,Gd5e7] Les Noirs
renoncent provisoirement à gagner le P et le Kc7 est bien placé. Le paln des
Noirs va être maintenant de doubler les R sur la colonne "d" et après le
coup Ne7 d'échanger les R} 32. Ke2 (32. f4 Rd8 33. f5 $5 exf5 34. Re1 $44 {
[%csl Rf7,Rg7][%cal Gd4d5,Ge1e7]} Rd6 35. Kg2 (35. Rxd5 Rxd5 36. Re7+ Kb6 37.
Rxf7 Ra7) 35... Rad8 36. Kf3) 32... Rd8 33. Rg1 g6 34. Rgd1 Rd6 $17 35. f4 Rad8
36. Kf3 (36. R1d3 Ne7) 36... Ne7 $40 37. Rxd6 Rxd6 38. Rxd6 Kxd6 39. c7 Kxc7
40. Be8 f6 $4 (40... Nf5 41. Bxf7 Kd7 $1 {[%csl Rf7][%cal Gd7e7] Enferme le B}
42. Ke2 (42. Ke4 Nd6+) (42. Bxg6 Nxh4+) 42... Nxh4 {[%csl Gh5]}) 41. Ke4 Kd6
42. b3 Kc5 $2 (42... f5+ 43. Kd4 Nd5 44. Bxg6 Nxf4) 43. Bf7 Kd6 44. Be8 Kc7 45.
Kd3 Nd5 1/2-1/2

[Event "Biel MTO op"]
[Site "Biel"]
[Date "1998.07.29"]
[Round "9"]
[White "Antic, Dejan"]
[Black "Milov, Vadim"]
[Result "0-1"]
[WhiteElo "2460"]
[BlackElo "2635"]
[Annotator "Milov,V"]
[PlyCount "98"]
[EventDate "1998.07.21"]
[EventType "swiss"]
[EventRounds "11"]
[EventCountry "SUI"]
[SourceTitle "CBM 066"]
[Source "ChessBase"]
[SourceDate "1998.09.30"]
[SourceVersion "1"]
[SourceVersionDate "1998.09.30"]
[SourceQuality "1"]

1. d4 {Huzman Gelfand} d5 2. c4 dxc4 3. Nf3 a6 4. e3 e6 5. Bxc4 c5 6. O-O Nf6
7. e4 $5 b5 (7... Nxe4 8. d5 Be7 9. Re1 $5 $146 (9. dxe6 Bxe6 10. Qxd8+ Bxd8
11. Bxe6 fxe6 12. Re1 Nf6 13. Rxe6+ Be7 14. Nc3 Nc6 15. Bf4 O-O 16. Rae1 Rfe8
17. Ne5 Nd8 18. Rb6 Bf8 19. Kf1 Re6 20. Nc4 Rxe1+ 21. Kxe1 Rc8 $14 {1/2-1/2
Aleksandrov,A-Sadler,M/Open, Koge DEN (09) 1997 (61)}) 9... exd5 10. Qxd5 Nd6
11. Bd3 (11. Bb3 {Gelfand} Be6 (11... Nc6 12. Bg5) 12. Qxc5 Bxb3 13. axb3) (11.
Qxc5 {Gelfand} O-O 12. Bf4 Nxc4 13. Qxe7 Qxe7 14. Rxe7 Nc6 15. Rc7 Nxb2) 11...
O-O (11... c4 {Gelfand} 12. Bc2 Nc6 13. Qh5 h6 14. Nc3 g6 15. Qc5 $13) 12. Bf4
Nf5 $2 (12... Be6 {Gelfand}) 13. Nc3 $16 {1-0 Gelfand,B-Lautier,J/Investbanka
1997 (39)}) 8. Bd3 Bb7 9. e5 (9. Re1 {Huzman} cxd4 10. a4 bxa4 (10... b4 11.
Nbd2 Nc6 12. e5 Nd5 13. Ne4 h6 14. Bd2 Be7 15. Qe2 b3 16. Rac1 Ncb4 17. Nxd4
Nxd3 18. Qxd3 Nb4 19. Bxb4 Bxb4 20. Qxb3 Qxd4 21. Rc4 Bd5 22. Qxb4 Qa7 23. Nd6+
$18 {Astolfi,F-Bus,M/Cappelle op 1992/0-1 (80)}) 11. Bg5 Be7 12. Rxa4 Nc6 13.
Nxd4 Ne5 $1 14. Bf1 (14. Bc2 $5 {Huzman} O-O 15. f4) 14... h6 $1 15. Bxf6 $6 (
15. Bh4 $5 Ng6 $140 16. Bxf6 Bxf6 17. Rb4 $36 {[%cal Gd1a4]}) 15... Bxf6 16.
Qb3 Rb8 17. Qa3 Qd7 $1 {[%cal Yd7a4]} 18. Nd2 Be7 19. Qa1 O-O 20. N2f3 Nxf3+
21. Nxf3 a5 22. Ne5 $2 (22. Rd1 Qc7 23. Rc4 Qf4 24. Rd7 Bb4 25. e5 Qf5 26. Bd3
Qh5 27. Rxb7 $1 Rxb7 28. Rh4 $18) 22... Qc7 23. Nc4 $2 (23. Nd3 Ra8 $15) 23...
Bb4 $17 {[%csl Ra4] 0-1 Hebden,M-Tkachiev,V/Hastings Premier 9798 1998 (29)})
9... Nd5 10. Nc3 Nd7 (10... Nxc3 11. bxc3 Be7 12. a4 b4 13. dxc5 bxc3 14. Qc2
Nd7 15. Qxc3 Nxc5 16. Be2 O-O 17. Rd1 Ne4 18. Qb2 Bd5 $15 {1/2-1/2 Khodos,
G-Tarasov,V/Rostov 1961 (27)}) 11. a4 b4 12. Bg5 $5 (12. Ne4 h6) 12... Nxc3 (
12... Qb8 $6 13. Ne4 cxd4 14. a5 $36) (12... Be7 13. Bxe7 Qxe7 14. Ne4 O-O 15.
Nd6 Bc6 16. dxc5 $16) 13. bxc3 Be7 14. Bxe7 Qxe7 15. cxb4 cxb4 $13 16. Nd2 O-O
(16... a5 $2 17. Rc1) 17. a5 Rfd8 (17... Nb8 18. Nc4 Nc6 19. Nd6 $16) 18. Nc4
Nb8 $6 (18... Nf8 19. Nd6 Bd5) 19. Nd6 Bd5 20. Qb1 (20. Qc2 Qh4 (20... Nc6 $2
21. Bxh7+ Kf8 22. Be4) 21. g3 Qxd4) 20... Qh4 21. g3 Qxd4 (21... Qh5 $6 22. Be4
Nc6 23. Bxd5 exd5 24. Qd3 Qg6 25. Rfd1 $14) 22. Bxh7+ Kf8 23. Rd1 Qxe5 (23...
Qg4 $5) 24. Nb7 (24. Nc4 Qc3 25. Nb6 Ra7 26. Be4 Nc6 $13) 24... Nc6 $1 25. Nxd8
Rxd8 $44 26. Re1 Qc3 27. Be4 Nd4 28. Bxd5 (28. Re3 $2 Bxe4) 28... Rxd5 29. Re3
Qc4 30. Qh7 (30. Qe4 b3) 30... b3 31. Qh8+ Ke7 32. Rae1 b2 (32... Nc2 $1 33.
Re4 Qd3 $19) 33. Kg2 Rb5 $6 (33... Nc2 34. Rxe6+ fxe6 35. Qxg7+ Kd6) (33... Nf5
$19) 34. Qh4+ g5 35. Qh7 (35. Qe4 f5 36. Qb1 (36. Qd3 Qd5+ 37. Kg1 b1=Q 38.
Rxb1 Ne2+ 39. Kf1 Rxb1+ 40. Kxe2 Rb2+ $19) 36... Qc6+ 37. f3 g4 $19) 35... Qd5+
36. f3 g4 $2 (36... b1=Q) (36... Nf5) 37. Qh4+ Kd7 38. Qf6 gxf3+ 39. Kf2 Ke8
40. Qh8+ Ke7 41. Qh4+ Kd7 42. Qf6 b1=Q 43. Qxf7+ Kc8 44. Rc3+ Nc6 45. Qf8+ Kb7
46. Qg7+ Ka8 47. Rxb1 Qd2+ 48. Kxf3 Rf5+ 49. Ke4 Qe2+ 0-1